Biblioteka Instytutu Północnego w Olsztynie

Widok standardowy Widok MARC

Pozycja Topical Term

Liczba rekordów, w których użyto hasła: 1

001 - Numer kontrolny

  • control field: 37611

003 - Identyfikator numeru kontrolnego

  • control field: NUKAT

005 - Data i czas ostatniej modyfikacji

  • control field: 20260306135004.0

008 - Dane kontrolne kodowane (40 znaków)

  • fixed length control field: 010711 ||a|znnbabn |a ana |c

010 ## - Numer kontrolny Biblioteki Kongresu

  • numer kontrolny LC: s 01084347

040 ## - Instytucja sporządzająca rekord

  • inst. przygot. dane do rek. khw: +WA U/ZM
  • język haseł przedmiotowych/tezaurus: kaba
  • inst. wprow. rek. khw: WA U/ZM

083 #4 - DEWEY DECIMAL CLASSIFICATION NUMBER

  • pojed. symbol lub pocz. z zakr. symboli: 400
  • określenie wyjaśniające: Języki

150 ## - Hasło - nazwa pospolita

  • nazwa posp. lub nazwa geogr. na pocz.: Język polski
  • określnik formy: lektury i wypisy.

670 ## - Źródło informacji

  • źródło informacji: KABA
Biblioteka Instytutu Północnego, ul. Partyzantów 87, 10-402 Olsztyn, email: biblioteka(at)ip.olsztyn.pl